| 000 | 01244cam a2200349 a 4500 | ||
|---|---|---|---|
| 001 | 15492513 | ||
| 003 | NUST | ||
| 005 | 20210719122910.0 | ||
| 008 | 081021s1996 enk 000 0 eng | ||
| 010 | _a 2008277928 | ||
| 020 | _a817808855x | ||
| 038 | _awaseem | ||
| 040 |
_aDLC _cDLC |
||
| 050 | 0 | 0 |
_aKZ3264.A3 _bI58 1996 |
| 082 |
_a341 _bOPP |
||
| 100 | 1 |
_aOppenheim, L. _q(Lassa), _d1858-1919. _981074 |
|
| 245 | 1 | 0 |
_aOppenheim's international law. _nVol. 1, _pPeace / _cedited by Sir Robert Jennings and Sir Arthur Watts. |
| 246 | 3 | 0 | _aPeace |
| 250 | _a9th ed. | ||
| 260 |
_aNew Delhi : _bPearson, _c2005. |
||
| 300 |
_a554 p. ; _c24 cm. |
||
| 500 | _aRev. ed. of: International law. 8th ed. 1955-. | ||
| 504 | _aIncludes bibliographical references and index. | ||
| 563 | _aPaperback. | ||
| 650 | 0 |
_aInternational law. _98483 |
|
| 700 | 1 |
_aJennings, R. Y. _q(Robert Yewdall), _d1913-2004. _981075 |
|
| 700 | 1 |
_aWatts, Arthur, _d1931-2007. _981076 |
|
| 700 | 1 |
_aOppenheim, L. _q(Lassa), _d1858-1919. _tInternational law. _981077 |
|
| 906 |
_a7 _bcbc _corigres _d2 _encip _f20 _gy-gencatlg |
||
| 942 |
_2ddc _cBK |
||
| 999 |
_c585995 _d585995 |
||